|
|
|
|
| LEADER |
01084cam a2200205 a 4500 |
| 008 |
110513s2012 enk b 001 0 eng |
| 020 |
|
|
|a 9781107658721
|
| 082 |
0 |
0 |
|a 303.66071
|2 23
|
| 100 |
1 |
|
|a Noddings, Nel.
|
| 245 |
1 |
0 |
|a Peace education :
|b how we come to love and hate war /
|c Nel Noddings.
|
| 260 |
|
|
|a Cambridge ;
|a New York :
|b Cambridge University Press,
|c 2012.
|
| 300 |
|
|
|a vii, 182 p. ;
|c 23 cm.
|
| 504 |
|
|
|a Includes bibliographical references and index.
|
| 505 |
0 |
|
|a The centrality of war in history -- Destruction -- Masculinity and the warrior -- Patriotism -- Hatred -- Religion -- Pacifism -- Women and war -- Existential meaning -- The challenge to education.
|
| 650 |
|
0 |
|a Peace
|x Study and teaching
|v Case studies.
|
| 942 |
|
|
|2 ddc
|c BK
|
| 906 |
|
|
|a 7
|b cbc
|c orignew
|d 1
|e ecip
|f 20
|g y-gencatlg
|
| 955 |
|
|
|b pa20 2011-05-13
|c pa20 2011-05-13 ONIX to GPSE
|a xn05 2012-01-30 1 copy rec'd., to CIP ver.
|
| 999 |
|
|
|c 102736
|d 102736
|
| 952 |
|
|
|0 0
|1 0
|4 0
|6 303_660710000000000_NOD_P
|7 0
|9 103509
|a UL
|b UL
|c ST1
|d 2013-06-27
|e 2
|g 1086.76
|l 1
|o 303.66071 NOD/P
|p 91057
|r 2019-02-25
|s 2019-01-29
|v 1509.40
|y BK
|